banner koha

Uso do fluralaner no tratamento da demodicidose canina juvenil generalizada: relato de caso (Registro n. 300796)

MARC details
000 -LÍDER
fixed length control field 03275nab a2200313 i 4500
003 - CÓDIGO MARC DA AGÊNCIA CATALOGADORA
Campo de controle BR-BrBNA
005 - DATA E HORA DA ÚLTIMA ATUALIZAÇÃO
Campo de controle 20240808132731.0
008 - CAMPO DE TAMANHO FIXO
fixed length control field 240808b2017 bl.|r|pooa||| 00| 0 por |
040 ## - FONTE DA CATALOGAÇÃO
Agência catalogadora BR-BrBNA
Idioma da catalogação por
072 ## - CATEGORIA AGRIS
Código AGRIS L73
Código do objeto 5400
072 ## - CATEGORIA AGRIS
Código AGRIS L70
100 ## - ENTRADA PRINCIPAL - NOME PESSOAL
Nome pessoal Bezerra, J.A.B.
100 ## - ENTRADA PRINCIPAL - NOME PESSOAL
Nome pessoal Cardoso, I.R.S.
100 ## - ENTRADA PRINCIPAL - NOME PESSOAL
Nome pessoal Rodrigues, R.T.G.A.
100 ## - ENTRADA PRINCIPAL - NOME PESSOAL
Nome pessoal Filgueira, K.D.
245 ## - TÍTULO PRINCIPAL
Título principal Uso do fluralaner no tratamento da demodicidose canina juvenil generalizada: relato de caso
500 ## - NOTA GERAL
Nota geral Publicação online; 11 ref.; 2 illus.; Summaries (En, Pt)
942 ## - ADDED ENTRY ELEMENTS (KOHA)
Koha item type
520 ## - NOTA DE RESUMO
Nota de conteúdo <br/>RESUMO - O objetivo do presente trabalho foi relatar a eficácia do fluralaner no tratamento da demodicidose juvenil generalizada canina. Dois caninos, apresentando dois e três meses de idade, com diagnóstico clínico e parasitológico de demodicidose generalizada, foram tratados com administração única de fluralaner, na dose recomendada em bula pelo fabricante. Além disso, foi realizada a terapia adjuvante à base de xampu de peróxido de benzoíla e domperidona. Observou-se uma resposta terapêutica satisfatória, com repilação completa ao 30º dia após a administração do fármaco. Para cada paciente, foi realizado exame parasitológico do raspado cutâneo aos 75 e 90 dias seguintes ao início do tratamento, e todos foram negativos. Tendo em vista a elevada eficácia do tratamento proposto, sugere-se a inclusão do fluralaner nos protocolos terapêuticos destinados à demodicidose canina, particularmente nos pacientes pediátricos e com a forma generalizada da doença.<br/><br/><br/>Palavras-chave: isoxazolina, Demodex canis, dermatologia
520 ## - NOTA DE RESUMO
Nota de conteúdo <br/>ABSTRACT - The aim of the present study was to report the efficiency of fluralaner on the treatment of two cases of canine generalized juvenile demodicosis. Two puppies, aging two and three months old, with the clinic and parasitological diagnosis of generalized demodicosis were treated with single administration of fluralaner. according to the dose recommended by the responsible laboratory. Additionally, adjuvant therapy was applied using benzoyl peroxide shampoo and domperidone. A satisfactory therapeutic response was observed, and complete repilation was present at the 30th day after drug administration. For each patient, at the 75th and 90th day after the treatment began, skin scrapings were performed in order to investigate the presence of Demodex sp; and all were negative. Considering the high efficiency of the treatment used, we suggest the inclusion of fluralaner on the therapeutic protocol for canine demodicosis, particularly in pediatric patients and with the generalized form of the disease.<br/><br/><br/>Keywords: isoxazoline; Demodex canis; dermatology
650 ## - ASSUNTO - THESAGRO
Cabeçalho tópico ou nome geográfico CÃO
650 ## - ASSUNTO - THESAGRO
Cabeçalho tópico ou nome geográfico DOENÇA ANIMAL
650 ## - ASSUNTO - THESAGRO
Cabeçalho tópico ou nome geográfico DERMATOLOGIA
650 ## - ASSUNTO - THESAGRO
Cabeçalho tópico ou nome geográfico MEDICAMENTO
650 ## - ASSUNTO - THESAGRO
Cabeçalho tópico ou nome geográfico VETERINÁRIA
773 0# - ENTRADA ANALÍTICA
Host Biblionumber 1643
Registro do item 316504
Imprenta Belo Horizonte-MG Universidade Federal de Minas Gerais - Escola de Veterinaria 1983
Outro identificador 2024-2999
Título Arquivo Brasileiro de Medicina Veterinária e Zootecnia (Brazil)
ISSN 0102-0935
Colação v.69(6) p. 1491-1495; (2017)
Número de controle de registro BR2024002240
856 ## - ACESSO E ENDEREÇO ELETRÔNICO
Identificador uniforme de recurso - URI https://www.scielo.br/j/abmvz/a/GhBJDFJ4GRcXMHrdJzfgWWn/?format=pdf&lang=pt

Nenhum exemplar disponível.

BINAGRI

Telefone: (61)3218-2567/2388/3357/2097 - binagri@agro.gov.br

Ministério da Agricultura e Pecuária , Esplanada dos Ministérios, Bloco D, Anexo B, Brasília/DF, CEP: 70.043-900